Normal view
MARC view
Entry Personal Name
001 - CONTROL NUMBER
- control field: 14063
003 - CONTROL NUMBER IDENTIFIER
- control field: BD-RjUL
005 - DATE AND TIME OF LATEST TRANSACTION
- control field: 20241103123319.0
008 - FIXED-LENGTH DATA ELEMENTS
- fixed length control field: 241103|| aca||aabn | a|a d
040 ## - CATALOGING SOURCE
- Original cataloging agency: BD-RjUL
- Transcribing agency: BD-RjUL
100 ## - HEADING--PERSONAL NAME
- Personal name: জামান, মোহা. আশরাফ উজ, গবেষণা তত্ত্বাবধায়ক
670 ## - SOURCE DATA FOUND
- Source citation: Work cat.: (BD-RjUL)84217: উদ্দিন, মো. জমির 14062, বাংলাদেশের পারিবারিক জীবনে ইসলামী নৈতিক শিক্ষার গুরুত্ব /, ২০২২